Organisational Skill Development (Record no. 45867)
[ view plain ]
| 000 -LEADER | |
|---|---|
| fixed length control field | 00495nam a2200181Ia 4500 |
| 008 - FIXED-LENGTH DATA ELEMENTS--GENERAL INFORMATION | |
| fixed length control field | 220531s9999 xx 000 0 und d |
| 041 ## - LANGUAGE CODE | |
| Language code of text/sound track or separate title | eng |
| 082 ## - DEWEY DECIMAL CLASSIFICATION NUMBER | |
| Item number | ORG / MUL |
| 100 ## - MAIN ENTRY--PERSONAL NAME | |
| Personal name | Mulla, M. G. |
| 9 (RLIN) | 83245 |
| 245 ## - TITLE STATEMENT | |
| Title | Organisational Skill Development |
| 250 ## - EDITION STATEMENT | |
| Edition statement | 1ST |
| 260 ## - PUBLICATION, DISTRIBUTION, ETC. (IMPRINT) | |
| Place of publication, distribution, etc. | Pune |
| Name of publisher, distributor, etc. | Success |
| Date of publication, distribution, etc. | 2013 |
| 300 ## - PHYSICAL DESCRIPTION | |
| Extent | 8.48 |
| 542 ## - INFORMATION RELATING TO COPYRIGHT STATUS | |
| Copyright holder | 15-11-2018 |
| 650 ## - SUBJECT ADDED ENTRY--TOPICAL TERM | |
| Topical term or geographic name as entry element | Organisational Skill Development |
| 9 (RLIN) | 83246 |
| 906 ## - LOCAL DATA ELEMENT F, LDF (RLIN) | |
| c | F.Y.B.Com. |
| d | 2018-2019 |
| e | Elantas beck Co. |
| f | 14842 |
| Withdrawn status | Lost status | Damaged status | Not for loan | Collection code | Home library | Current library | Date acquired | Vendor | Cost, normal purchase price | Total Checkouts | Total Holds | Full call number | Barcode | Date last seen | Cost, replacement price | Bill Date | Koha item type | Original Barcode |
|---|---|---|---|---|---|---|---|---|---|---|---|---|---|---|---|---|---|---|
| Shri Siddhivinayak Mahila Mahavidyalaya | Shri Siddhivinayak Mahila Mahavidyalaya | 15/11/2018 | Vaibhav | 225.00 | 30 | /ORG/MUL/B/27727 | SSMM-BK-27727 | 06/08/2022 | 225.00 | 06/08/2022 | Books | 10027727 |